000 00506nam a2200169 i 4500
001 104514
003 ES-MaACL
005 20230906183626.0
007 t|
008 051130s1957 sp ||||1| spa d
100 1 _aMiller, A. Austin.
_981197
245 1 0 _aClimatología /
_cA. Miller Austin; traducción... por Ismael Antich...
260 _aBarcelona :
_bOmega,
_c1957.
300 _a375 p., 9 h. pleg. :
_bil. ;
_c23 cm.
700 1 _aAntich, Ismael.
_921892
852 _aES-MaACL
_jC-20499
_bR.48964
999 _c104514
_d104514